[Event "Hohenems-Schwaz"]
[Site "Absam"]
[Date "2004.12.03"]
[Round "3"]
[White "Bayer, Bernhard"]
[Black "Grabher, Heinz"]
[Result "1-0"]
[WhiteElo "2300"]
[BlackElo "2271"]
[PlyCount "65"]
[EventDate "2004.??.??"]

{128MB, Power.ctg, LANDESVERBAND} 1. e4 e5 2. Nf3 Nc6 3. Bb5 f5 4. Nc3 fxe4 5.
Nxe4 d5 6. Nxe5 dxe4 7. Nxc6 Qg5 8. Qe2 Nf6 9. f4 Qxf4 10. Nxa7+ Bd7 11. Bxd7+
Nxd7 12. d4 Qf5 13. Nb5 O-O-O 14. Rf1 Qe6 15. Bf4 Bb4+ 16. c3 Bd6 17. Bxd6 cxd6
18. Qc4+ Nc5 19. Qxe6+ Nxe6 20. Kd2 d5 21. Rf7 Rd7 22. Raf1 Rhd8 23. Ke3 b6 24.
b3 Kb7 25. Rxd7+ Rxd7 26. c4 dxc4 27. bxc4 Re7 28. Rf5 Nd8 29. d5 Ka6 30. Rf8
Rd7 31. Kxe4 Ka5 32. Nd4 Re7+ 33. Kd3 1-0

[Event "Bregenz-Reutte"]
[Site "Absam"]
[Date "2004.12.03"]
[Round "3"]
[White "Januschke, Markus"]
[Black "Weindl, Alfred"]
[Result "0-1"]
[WhiteElo "2220"]
[BlackElo "2354"]
[PlyCount "68"]
[EventDate "2004.??.??"]

{128MB, Power.ctg, LANDESVERBAND} 1. e4 c5 2. c3 d6 3. d4 Nf6 4. Bd3 Nc6 5. d5
Ne5 6. Bc2 c4 7. f4 Bg4 8. Qd4 Nd3+ 9. Bxd3 cxd3 10. Qxd3 g6 11. Be3 Bg7 12.
Nd2 O-O 13. h3 Bd7 14. Ngf3 Re8 15. g4 e6 16. dxe6 Rxe6 17. Nd4 Re7 18. O-O-O
Qe8 19. Bf2 Nxe4 20. Bh4 Nc5 21. Qc2 Ba4 22. b3 Rc7 23. Nc4 Nxb3+ 24. axb3 Rxc4
25. bxa4 Bxd4 26. Rhe1 Qf8 27. Be7 Qe8 28. Bxd6 Qc6 29. Rxd4 Rxd4 30. cxd4 Qxd6
31. Re4 Qd7 32. Kb2 Rc8 33. Qb3 Qc6 34. Re1 Qg2+ 0-1

[Event "Bregenz-Reutte"]
[Site "Absam"]
[Date "2004.12.03"]
[Round "3"]
[White "Pöttinger, Harald"]
[Black "Jenul, Reinhold"]
[Result "1/2-1/2"]
[WhiteElo "2259"]
[BlackElo "2119"]
[PlyCount "92"]
[EventDate "2004.??.??"]

{128MB, Power.ctg, LANDESVERBAND} 1. f4 c5 2. Nf3 Nf6 3. g3 g6 4. Bg2 Bg7 5.
O-O d6 6. d3 Nc6 7. Nc3 O-O 8. Nh4 e6 9. e4 Nd4 10. a3 Rb8 11. Be3 Nd7 12. Qd2
f5 13. Rae1 a5 14. a4 Nb6 15. b3 Bd7 16. Ne2 Nxe2+ 17. Rxe2 Nc8 18. e5 b6 19.
exd6 Nxd6 20. Nf3 Nf7 21. Qe1 Re8 22. Bd2 Qf6 23. Kh1 Bc6 24. Qf2 Rbd8 25. Rfe1
Rd6 26. Ne5 Bxg2+ 27. Qxg2 Nd8 28. Bc3 Qe7 29. Ba1 Qb7 30. Qxb7 Nxb7 31. Nc4
Rc6 32. Bxg7 Kxg7 33. Kg2 Nd8 34. Re3 Re7 35. R1e2 Rb7 36. Kf3 Re7 37. h3 Kf6
38. g4 h6 39. Rg2 Nf7 40. Rge2 Nd8 41. Re1 Nf7 42. R3e2 Re8 43. gxf5 Kxf5 44.
h4 Kf6 45. Rg1 Rg8 46. Reg2 e5 1/2-1/2

[Event "Ranshofen-Götzis"]
[Site "Absam"]
[Date "2004.12.03"]
[Round "3"]
[White "Medvegy, Zoltan"]
[Black "Dobosz, Henryk"]
[Result "1/2-1/2"]
[WhiteElo "2456"]
[BlackElo "2453"]
[PlyCount "179"]
[EventDate "2004.??.??"]

{128MB, Power.ctg, LANDESVERBAND} 1. e4 c5 2. Nf3 e6 3. d4 cxd4 4. Nxd4 Qb6 5.
Nb3 d6 6. Nc3 Nc6 7. Bf4 Ne5 8. Be3 Qc7 9. f4 Nc6 10. Qd2 Nf6 11. Be2 Be7 12.
g4 a6 13. g5 Nd7 14. O-O-O b5 15. a3 Rb8 16. Kb1 b4 17. axb4 Nxb4 18. Nb5 Qxc2+
19. Qxc2 Nxc2 20. Nc7+ Kd8 21. Nxe6+ fxe6 22. Kxc2 Bb7 23. Bd3 e5 24. Na5 exf4
25. Bxf4 Ba8 26. Nc4 Rf8 27. Rhf1 Nc5 28. Bxd6 Bxd6 29. Nxd6 Kc7 30. e5 Nxd3
31. Kxd3 Bf3 32. Rc1+ Kd7 33. Ke3 Bd5 34. Rxf8 Rxf8 35. Kd4 Ke6 36. Rc8 Rf4+
37. Kc5 Kxe5 38. Re8+ Be6 39. b3 Rh4 40. Nc4+ Kf5 41. Nd6+ Ke5 42. Re7 Rh3 43.
Ne8 Rc3+ 44. Kb4 Rxb3+ 45. Ka4 Rh3 46. Nxg7 Rxh2 47. Rxe6+ Kf4 48. g6 hxg6 49.
Rxg6 Ke5 50. Ne8 Rc2 51. Kb3 Rc1 52. Nd6 a5 53. Nc4+ Kf5 54. Rc6 a4+ 55. Kb2
Re1 56. Kc3 a3 57. Ra6 a2 58. Rxa2 Rc1+ 59. Kd3 Rd1+ 60. Ke2 Rh1 61. Ne3+ Ke5
62. Kd3 Rh4 63. Ra5+ Ke6 64. Nf5 Rh1 65. Ke4 Re1+ 66. Ne3 Kd6 67. Kd4 Ke6 68.
Ra6+ Kf7 69. Nf5 Rd1+ 70. Ke5 Re1+ 71. Kd5 Rd1+ 72. Nd4 Re1 73. Nf3 Rd1+ 74.
Ke5 Ke7 75. Rh6 Kf7 76. Ng5+ Kg7 77. Rc6 Ra1 78. Ne6+ Kg6 79. Nf4+ Kf7 80. Rc7+
Ke8 81. Nd5 Re1+ 82. Kd6 Rd1 83. Re7+ Kf8 84. Re3 Kf7 85. Ke5 Ra1 86. Rf3+ Kg7
87. Nc7 Re1+ 88. Kd6 Kg6 89. Ne6 Ra1 90. Nc5 1/2-1/2

[Event "Ranshofen-Götzis"]
[Site "Absam"]
[Date "2004.12.03"]
[Round "3"]
[White "Eisenbeiser, Amadeus"]
[Black "Mathe, Gaspar"]
[Result "1-0"]
[WhiteElo "2304"]
[BlackElo "2357"]
[PlyCount "81"]
[EventDate "2004.??.??"]

{128MB, Power.ctg, LANDESVERBAND} 1. e4 e5 2. Nf3 Nf6 3. Nxe5 d6 4. Nf3 Nxe4 5.
d4 d5 6. Bd3 Be7 7. O-O O-O 8. c4 c6 9. Nc3 Nf6 10. Re1 dxc4 11. Bxc4 Nbd7 12.
Qc2 Bd6 13. Bg5 h6 14. Bh4 Nb6 15. Ne4 Be7 16. Bb3 Nxe4 17. Qxe4 Bxh4 18. Nxh4
Nd5 19. Nf5 Be6 20. Qe5 Qg5 21. Bxd5 Bxf5 22. Bb3 Rad8 23. h4 Qg4 24. Re3 g6
25. Rg3 Qxh4 26. Re1 Kh7 27. d5 cxd5 28. Bxd5 Rd7 29. Rb3 b6 30. Bc6 Rd2 31.
Rf3 Qc4 32. Be4 Bxe4 33. Rxe4 Qc1+ 34. Kh2 Qxb2 35. Qe7 Kg8 36. Rg4 g5 37.
Rxg5+ hxg5 38. Qxg5+ Qg7 39. Qxd2 Qe5+ 40. Rg3+ Kh7 41. Qb4 1-0

[Event "Ranshofen-Götzis"]
[Site "Absam"]
[Date "2004.12.03"]
[Round "3"]
[White "Kranz, Armin"]
[Black "Hackbarth, Wolfgang"]
[Result "1-0"]
[WhiteElo "2149"]
[BlackElo "2137"]
[PlyCount "89"]
[EventDate "2004.??.??"]

{128MB, Power.ctg, LANDESVERBAND} 1. d4 Nf6 2. Nf3 g6 3. c4 Bg7 4. g3 c5 5. d5
d6 6. Nc3 O-O 7. Bg2 Na6 8. O-O Nc7 9. a4 Bd7 10. h3 Rb8 11. e4 a6 12. a5 b5
13. axb6 Rxb6 14. Re1 Rb4 15. e5 Nfe8 16. b3 Qb8 17. Ra3 dxe5 18. Ne4 Qc8 19.
Kh2 f6 20. Nxc5 Nd6 21. Bd2 Rb8 22. Nxd7 Qxd7 23. h4 Rfc8 24. Bh3 Nf5 25. b4
Qd6 26. Rb3 e6 27. dxe6 Nxe6 28. Bf1 Ned4 29. Nxd4 Nxd4 30. Ra3 Rd8 31. c5 Qd5
32. Bg2 Qe6 33. Qc1 Rdc8 34. Bf1 Qf5 35. Bxa6 Qxf2+ 36. Kh3 Qf5+ 37. Kg2 Qd7
38. Bxc8 Qd5+ 39. Kf2 Rxc8 40. Qb1 Qd7 41. Be3 f5 42. Qa2+ Kh8 43. Ra7 Qc6 44.
Bxd4 exd4 45. Rxg7 1-0

[Event "Mozart 1910-Wüstenrot Salzburg"]
[Site "Absam"]
[Date "2004.12.03"]
[Round "3"]
[White "Peterwagner, Heinz"]
[Black "Karpatchev, Aleksandr"]
[Result "0-1"]
[WhiteElo "2214"]
[BlackElo "2484"]
[PlyCount "90"]
[EventDate "2004.??.??"]

{128MB, Power.ctg, LANDESVERBAND} 1. e4 e5 2. Nf3 Nc6 3. Bb5 f5 4. Nc3 fxe4 5.
Nxe4 Nf6 6. Qe2 d5 7. Nxf6+ gxf6 8. d4 Bg7 9. dxe5 O-O 10. Bxc6 bxc6 11. e6 Re8
12. O-O c5 13. Bf4 Rb8 14. b3 Rb6 15. Qd2 Rbxe6 16. Rfe1 c6 17. Rxe6 Bxe6 18.
h3 Bf5 19. Re1 Be4 20. Qc3 Qe7 21. Nd2 f5 22. Qg3 Qf7 23. Bh6 f4 24. Qxg7+ Qxg7
25. Bxg7 Kxg7 26. f3 Bg6 27. Rxe8 Bxe8 28. g3 Kf6 29. Kf2 Ke5 30. c3 Bg6 31. g4
d4 32. c4 d3 33. h4 h6 34. h5 Bh7 35. Ke1 Kd4 36. Kd1 Ke3 37. Ke1 a6 38. a3 a5
39. a4 Bg8 40. Kd1 Kf2 41. g5 hxg5 42. h6 Ke3 43. Ke1 Bh7 44. Kd1 g4 45. fxg4
f3 0-1

[Event "Innsbrucker SK-Absam"]
[Site "Absam"]
[Date "2004.12.03"]
[Round "3"]
[White "Bärner, Helmut"]
[Black "Ferrari, Josef"]
[Result "1-0"]
[WhiteElo "2143"]
[BlackElo "2220"]
[PlyCount "107"]
[EventDate "2004.??.??"]

{128MB, Power.ctg, LANDESVERBAND} 1. d4 c5 2. dxc5 g6 3. e4 Bg7 4. c3 Qc7 5.
Be3 a5 6. Bd4 Nf6 7. f3 O-O 8. Na3 Na6 9. Bxa6 Rxa6 10. Nh3 e5 11. Be3 d5 12.
cxd6 Rxd6 13. Qe2 Qc6 14. Qb5 Bxh3 15. Qxc6 Rxc6 16. gxh3 Rd8 17. Rd1 Rxd1+ 18.
Kxd1 Bf8 19. Nb5 Bc5 20. Bxc5 Rxc5 21. a4 Nh5 22. Kc2 Kf8 23. Nd6 b6 24. b3 Nf4
25. Nc4 b5 26. axb5 Rxb5 27. Ra1 Nxh3 28. Nxa5 Ng5 29. c4 Rb8 30. Nc6 Re8 31.
Rf1 Re6 32. Nxe5 Rxe5 33. f4 Rxe4 34. fxg5 Re2+ 35. Kd3 Rxh2 36. c5 Ke7 37. Rd1
h6 38. gxh6 Rxh6 39. b4 Rh3+ 40. Kc4 Rh4+ 41. Kb5 g5 42. c6 g4 43. c7 Rh8 44.
Kc6 f5 45. b5 g3 46. b6 f4 47. Re1+ Kf7 48. b7 f3 49. c8=Q Rh6+ 50. Kd7 f2 51.
Qe8+ Kf6 52. Re6+ Kg5 53. Qe7+ Kh5 54. Qf7+ 1-0

[Event "Innsbrucker SK-Absam"]
[Site "Absam"]
[Date "2004.12.03"]
[Round "3"]
[White "Pilz, Dieter"]
[Black "Reiter, Franz"]
[Result "1-0"]
[WhiteElo "2303"]
[BlackElo "2070"]
[PlyCount "111"]
[EventDate "2004.??.??"]

{128MB, Power.ctg, LANDESVERBAND} 1. Nf3 c5 2. c4 Nc6 3. Nc3 g6 4. g3 Bg7 5.
Bg2 Nf6 6. O-O O-O 7. d4 cxd4 8. Nxd4 Ng4 9. e3 h5 10. b3 Rb8 11. Bb2 a6 12.
Rb1 Nxd4 13. exd4 d6 14. Re1 Bf5 15. Be4 Bxe4 16. Rxe4 Re8 17. Qd3 e6 18. Rbe1
Qd7 19. R4e2 Nf6 20. a4 b6 21. Ba3 Rec8 22. d5 e5 23. Rf1 Re8 24. Kg2 Bh6 25.
f3 Re7 26. Ref2 Ne8 27. Re2 f5 28. Rfe1 Nf6 29. Bc1 Bxc1 30. Rxc1 Kg7 31. Rce1
Rbe8 32. Qd2 Qc7 33. Na2 Rh8 34. Nb4 a5 35. Nc6 Ree8 36. Qc3 Kf7 37. h4 Rhf8
38. b4 axb4 39. Qxb4 Ra8 40. Rb1 Nd7 41. Ra2 Ra6 42. Qd2 Nb8 43. Qh6 Rg8 44.
Nxb8 Qxb8 45. Rab2 Qc7 46. a5 Rxa5 47. Rxb6 Ra7 48. c5 dxc5 49. Rc6 Qd7 50.
Rbb6 Ra2+ 51. Kh3 f4+ 52. Re6 Ra3 53. Rbd6 Qb5 54. Qh7+ Rg7 55. Rf6+ Ke8 56.
Qh8+ 1-0

[Event "Ranshofen-Götzis"]
[Site "Absam"]
[Date "2004.12.03"]
[Round "3"]
[White "Ager, Josef"]
[Black "Wallis, Toni"]
[Result "1-0"]
[WhiteElo "2222"]
[BlackElo "2177"]
[PlyCount "111"]
[EventDate "2004.??.??"]

{128MB, Power.ctg, LANDESVERBAND} 1. Nf3 {0} 1... d5 2. c4 c6 3. g3 Nf6 4. Bg2
Bf5 5. cxd5 cxd5 6. Qb3 Qb6 7. Qxb6 axb6 8. Nc3 Bd7 9. O-O e6 10. d3 Be7 11.
Bf4 O-O 12. e4 Bc6 13. Nd4 Na6 14. Rfd1 Rfd8 15. Rac1 Rac8 16. a3 Bc5 17. Nxc6
bxc6 18. d4 Bf8 19. Na4 Nd7 20. exd5 cxd5 21. Bf1 Rxc1 22. Rxc1 e5 23. dxe5
Nac5 24. Nc3 Nb3 25. Rd1 d4 26. Nb5 Ndc5 27. Bd3 h6 28. h4 Be7 29. h5 Na4 30.
Bc2 Nac5 31. Bxb3 Nxb3 32. Rd3 Na5 33. Nd6 Nc6 34. b4 Nxe5 35. Bxe5 Bxd6 36.
Rxd4 Bc7 37. Rxd8+ Bxd8 38. b5 Be7 39. Bd4 Bd8 40. Kf1 Kf8 41. Ke2 f6 42. Kd3
Ke7 43. Kc4 Ke6 44. g4 Kd6 45. a4 Bc7 46. f4 Ke6 47. f5+ Kd6 48. Bc3 Bd8 49.
Kd4 Kd7 50. Kd5 Bc7 51. Bb4 Bf4 52. Bf8 Bd2 53. Bxg7 Bg5 54. Bf8 Bd2 55. Bd6
Be3 56. Bb4 1-0

[Event "Lustenau-Wörgl"]
[Site "Absam"]
[Date "2004.12.03"]
[Round "3"]
[White "Grundherr, Martin"]
[Black "Hugentobler, Patrik"]
[Result "1-0"]
[WhiteElo "2315"]
[BlackElo "2237"]
[PlyCount "113"]
[EventDate "2004.??.??"]

{128MB, Power.ctg, LANDESVERBAND} 1. Nf3 Nf6 2. c4 g6 3. b4 Bg7 4. Bb2 O-O 5.
e3 b6 6. Be2 c5 7. b5 Bb7 8. O-O d5 9. cxd5 Qxd5 10. Nc3 Qd6 11. d4 Nbd7 12.
Rc1 cxd4 13. Qxd4 Qxd4 14. Nxd4 Nc5 15. Rfd1 Rac8 16. Bf3 Nfe4 17. Nxe4 Nxe4
18. Ba3 Bf6 19. Nc6 Bxc6 20. bxc6 Nd6 21. Bxd6 exd6 22. c7 Bb2 23. Rc2 Ba3 24.
Bb7 Bc5 25. Bxc8 Rxc8 26. Kf1 Rxc7 27. Ke2 f5 28. h3 h5 29. g4 hxg4 30. hxg4
Kf7 31. Rh1 Kf6 32. Kf3 Re7 33. gxf5 Kxf5 34. Rc4 g5 35. Rg4 d5 36. Rh8 Rg7 37.
Rd8 Ke5 38. Ke2 Kf5 39. f3 Ke6 40. f4 Rh7 41. Rxg5 Rh2+ 42. Kd3 Rxa2 43. Re5+
Kf6 44. Rdxd5 Ra3+ 45. Ke2 a5 46. Rf5+ Kg6 47. Rg5+ Kf6 48. Rdf5+ Ke6 49. Re5+
Kf6 50. Rgf5+ Kg6 51. e4 a4 52. Re6+ Kg7 53. Rd5 Rh3 54. Rd7+ Kf8 55. e5 a3 56.
Rc6 Ke8 57. Rcc7 1-0

[Event "Hohenems-Schwaz"]
[Site "Absam"]
[Date "2004.12.03"]
[Round "3"]
[White "Angerer, Helmut"]
[Black "Burschowsky, M."]
[Result "0-1"]
[WhiteElo "2195"]
[BlackElo "2164"]
[PlyCount "114"]
[EventDate "2004.??.??"]

{128MB, Power.ctg, LANDESVERBAND} 1. b3 d5 2. Bb2 Bf5 3. Nf3 e6 4. g3 Nf6 5.
Bg2 Be7 6. O-O h6 7. d3 O-O 8. c4 c6 9. a3 a5 10. Nbd2 Nbd7 11. Ra2 Bh7 12. Qa1
b5 13. Bc3 Qb6 14. Ne5 Rfd8 15. cxb5 Qxb5 16. Rc1 c5 17. a4 Qb6 18. Bb2 Rac8
19. Nxd7 Rxd7 20. Be5 Ne8 21. Rac2 Bf6 22. Bh3 Bxe5 23. Qxe5 Rdc7 24. g4 Qd6
25. f4 g5 26. Qxd6 Nxd6 27. fxg5 hxg5 28. Rc3 Kf8 29. d4 Nb7 30. Bg2 Ke7 31. e4
Kd6 32. e5+ Kd7 33. dxc5 Nxc5 34. Rf3 Bg6 35. Bf1 Ke7 36. Bb5 Ne4 37. Rxc7+
Rxc7 38. Nxe4 Bxe4 39. Re3 Rc2 40. Be2 Rb2 41. Bf1 Bc2 42. Rc3 Bxb3 43. Rc7+
Kf8 44. Rb7 Rb1 45. Kf2 Bc2 46. Rxb1 Bxb1 47. Ke3 Bc2 48. Bb5 Ke7 49. Kd4 f6
50. Bc6 Bd1 51. exf6+ Kxf6 52. Kc5 Ke5 53. Kb6 d4 54. Kxa5 d3 55. Kb6 d2 56. a5
Be2 57. a6 Bxa6 0-1

[Event "Bregenz-Ranshofen"]
[Site "Absam"]
[Date "2004.12.04"]
[Round "4"]
[White "Heilinger, Dietmar"]
[Black "Ager, Josef"]
[Result "1/2-1/2"]
[WhiteElo "2167"]
[BlackElo "2222"]
[PlyCount "21"]
[EventDate "2004.??.??"]

{128MB, Power.ctg, LANDESVERBAND} 1. c4 g6 2. g3 Bg7 3. Bg2 c5 4. Nc3 Nc6 5. e3
Nh6 6. Nge2 Nf5 7. O-O O-O 8. a3 Rb8 9. Rb1 b6 10. b4 Bb7 11. d3 1/2-1/2

[Event "Bregenz-Ranshofen"]
[Site "Absam"]
[Date "2004.12.04"]
[Round "4"]
[White "Webersberger, Johann"]
[Black "Herbrechtsmeier"]
[Result "1/2-1/2"]
[WhiteElo "2233"]
[BlackElo "2289"]
[PlyCount "20"]
[EventDate "2004.??.??"]

{128MB, Power.ctg, LANDESVERBAND} 1. e4 d5 2. Nc3 Nf6 3. e5 d4 4. exf6 dxc3 5.
bxc3 exf6 6. Bc4 Bd6 7. Qe2+ Qe7 8. Qxe7+ Kxe7 9. Ne2 Be6 10. Bxe6 fxe6 1/2-1/2

[Event "Götzis-Mozart 1910"]
[Site "Absam"]
[Date "2004.12.04"]
[Round "4"]
[White "Mroz, Thomas"]
[Black "Wallis, Toni"]
[Result "1/2-1/2"]
[WhiteElo "2105"]
[BlackElo "2177"]
[PlyCount "22"]
[EventDate "2004.??.??"]

{128MB, Power.ctg, LANDESVERBAND} 1. d4 d5 2. Nf3 c6 3. c4 Nf6 4. Nc3 a6 5.
cxd5 cxd5 6. Bf4 Nc6 7. e3 Bg4 8. Be2 e6 9. O-O Bd6 10. Bxd6 Qxd6 11. Rc1 O-O
1/2-1/2

[Event "Götzis-Mozart 1910"]
[Site "Absam"]
[Date "2004.12.04"]
[Round "4"]
[White "Kranz, Armin"]
[Black "Enigl, Karl"]
[Result "1/2-1/2"]
[WhiteElo "2149"]
[BlackElo "2152"]
[PlyCount "24"]
[EventDate "2004.??.??"]

{128MB, Power.ctg, LANDESVERBAND} 1. d4 Nf6 2. Nf3 e6 3. c4 b6 4. g3 Ba6 5. b3
b5 6. cxb5 Bxb5 7. Bg2 d5 8. O-O Nbd7 9. Nc3 Ba6 10. Re1 Bb4 11. Bd2 O-O 12.
Na4 Bd6 1/2-1/2

[Event "Bregenz-Ranshofen"]
[Site "Absam"]
[Date "2004.12.04"]
[Round "4"]
[White "Kelecevic, Nedelj"]
[Black "Medvegy, Zoltan"]
[Result "1/2-1/2"]
[WhiteElo "2398"]
[BlackElo "2456"]
[PlyCount "22"]
[EventDate "2004.??.??"]

{128MB, Power.ctg, LANDESVERBAND} 1. d4 e6 2. c4 c5 3. d5 exd5 4. cxd5 d6 5.
Nc3 a6 6. a4 g6 7. Nf3 Bg7 8. Nd2 Nd7 9. e4 Ne7 10. Nc4 Ne5 11. Bf4 Nxc4
1/2-1/2

[Event "Wörgl-Hohenems"]
[Site "Absam"]
[Date "2004.12.04"]
[Round "4"]
[White "Blaskowski, Johannes"]
[Black "Gärtner, Guntram"]
[Result "1/2-1/2"]
[WhiteElo "2385"]
[BlackElo "2336"]
[PlyCount "40"]
[EventDate "2004.??.??"]

{128MB, Power.ctg, LANDESVERBAND} 1. e4 c6 2. d4 d5 3. exd5 cxd5 4. c4 Nf6 5.
Nc3 e6 6. Nf3 Bb4 7. cxd5 exd5 8. Bd3 O-O 9. O-O Bg4 10. Bg5 Be7 11. Rc1 Nc6
12. Bb1 Rc8 13. Qd3 g6 14. Ne5 Bf5 15. Qd1 Bxb1 16. Rxb1 Ne4 17. Bxe7 Nxe7 18.
Re1 Rxc3 19. Rxe4 Rc7 20. Re3 Nc6 1/2-1/2

[Event "Reutte-Schwaz"]
[Site "Absam"]
[Date "2004.12.04"]
[Round "4"]
[White "Fürlinger, Harald"]
[Black "Kerber, Alfred"]
[Result "1-0"]
[WhiteElo "2074"]
[BlackElo "1924"]
[PlyCount "39"]
[EventDate "2004.??.??"]

{128MB, Power.ctg, LANDESVERBAND} 1. d4 e6 2. c4 b6 3. Nf3 Bb7 4. a3 d5 5. cxd5
Qxd5 6. Nc3 Qh5 7. e4 a6 8. Be2 Nf6 9. Ne5 Qh4 10. Bf3 Nbd7 11. g3 Qh3 12. Nd3
O-O-O 13. Nf4 Qh6 14. Nxe6 g5 15. Nxd8 Kxd8 16. e5 Bxf3 17. Qxf3 Nh5 18. Qa8+
Ke7 19. Nd5+ Ke6 20. Qc6+ 1-0

[Event "Wüstenrot Salzburg-Innsbrucker SK"]
[Site "Absam"]
[Date "2004.12.04"]
[Round "4"]
[White "Gasthofer, Alexander"]
[Black "Teske, Henrik"]
[Result "1/2-1/2"]
[WhiteElo "2432"]
[BlackElo "2542"]
[PlyCount "51"]
[EventDate "2004.??.??"]

{128MB, Power.ctg, LANDESVERBAND} 1. Nf3 g6 2. g3 Bg7 3. d4 d5 4. Bg2 Nf6 5.
O-O O-O 6. c3 Nbd7 7. Nbd2 c5 8. Re1 b6 9. b3 Bb7 10. Bb2 Rc8 11. e3 Qc7 12.
Rc1 Rfd8 13. Qc2 b5 14. Qb1 c4 15. bxc4 bxc4 16. Ba3 e6 17. Qc2 Bc6 18. Rb1 Rb8
19. Rxb8 Rxb8 20. Rb1 Rb6 21. Rxb6 axb6 22. Bb4 b5 23. h3 Nb8 24. Ne5 Nfd7 25.
Nxd7 Nxd7 26. f4 1/2-1/2

[Event "Wörgl-Hohenems"]
[Site "Absam"]
[Date "2004.12.04"]
[Round "4"]
[White "Grundherr, Martin"]
[Black "Grabher, Heinz"]
[Result "1/2-1/2"]
[WhiteElo "2315"]
[BlackElo "2271"]
[PlyCount "71"]
[EventDate "2004.??.??"]

{128MB, Power.ctg, LANDESVERBAND} 1. e4 c6 2. d4 d5 3. Nc3 dxe4 4. Nxe4 Nd7 5.
Nf3 Ngf6 6. Ng3 c5 7. dxc5 Qa5+ 8. c3 Qxc5 9. Be3 Qc7 10. Qb3 e6 11. Nd4 Be7
12. Nb5 Qb8 13. Qc4 O-O 14. Bf4 e5 15. Be3 Nb6 16. Qc7 Qxc7 17. Nxc7 Rb8 18.
Bxb6 axb6 19. Bc4 Rd8 20. O-O Bg4 21. Nb5 Rbc8 22. b3 Rd2 23. a4 Bc5 24. Rae1
Re8 25. b4 Bf8 26. h3 Be6 27. Bxe6 Rxe6 28. Rd1 Ra2 29. Rd8 g6 30. Rfd1 Kg7 31.
Rb8 Rxa4 32. Rxb7 Ra2 33. Rb8 Be7 34. Rb7 Bf8 35. Rb8 Be7 36. Rb7 1/2-1/2

[Event "Absam-Lustenau"]
[Site "Absam"]
[Date "2004.12.04"]
[Round "4"]
[White "Dür, Arne"]
[Black "Doskocil, Klaus"]
[Result "1-0"]
[WhiteElo "2386"]
[BlackElo "2219"]
[PlyCount "59"]
[EventDate "2004.??.??"]

{128MB, Power.ctg, LANDESVERBAND} 1. c4 e5 2. g3 Nc6 3. Bg2 f5 4. Nc3 Nf6 5. a3
Be7 6. b4 O-O 7. d3 d6 8. b5 Nd4 9. e3 Ne6 10. Nge2 Qe8 11. O-O Qh5 12. Nd5
Nxd5 13. Bxd5 g5 14. f4 Kh8 15. Bb2 Bf6 16. Qd2 Nc5 17. Rae1 Be6 18. Bxe6 Nxe6
19. fxe5 Bxe5 20. Bxe5+ dxe5 21. Qc3 Ng7 22. Qxe5 Rfe8 23. Qc5 b6 24. Qc6 Rad8
25. Nd4 f4 26. gxf4 gxf4 27. Rxf4 Rxe3 28. Rxe3 Qg5+ 29. Qg2 Qxf4 30. Qxg7+ 1-0

[Event "Götzis-Mozart 1910"]
[Site "Absam"]
[Date "2004.12.04"]
[Round "4"]
[White "Eisenbeiser, Karlheinz"]
[Black "Marchhart, Matthias"]
[Result "1/2-1/2"]
[WhiteElo "2061"]
[BlackElo "2111"]
[PlyCount "50"]
[EventDate "2004.??.??"]

{128MB, Power.ctg, LANDESVERBAND} 1. e4 g6 2. d4 Bg7 3. Nf3 d6 4. h3 Nd7 5. Bc4
e6 6. Bg5 Ne7 7. c3 a6 8. Nbd2 h6 9. Bh4 b5 10. Bd3 c5 11. a4 c4 12. Bc2 Bb7
13. O-O g5 14. Bg3 e5 15. b3 cxb3 16. Bxb3 O-O 17. axb5 axb5 18. Qe2 Qb6 19.
dxe5 dxe5 20. Rab1 Ba6 21. Rfc1 Qc7 22. Nh2 Ng6 23. Bd5 Rab8 24. Ng4 Nf4 25.
Bxf4 exf4 1/2-1/2

[Event "Wüstenrot Salzburg-Innsbrucker SK"]
[Site "Absam"]
[Date "2004.12.04"]
[Round "4"]
[White "Scrinzi, Raimund"]
[Black "Endthaler, Arnold"]
[Result "1/2-1/2"]
[WhiteElo "1981"]
[BlackElo "2088"]
[PlyCount "39"]
[EventDate "2004.??.??"]

{128MB, Power.ctg, LANDESVERBAND} 1. e4 c5 2. Nf3 d6 3. d4 cxd4 4. Nxd4 Nf6 5.
Nc3 a6 6. Be2 e5 7. Nb3 Be7 8. O-O Qc7 9. Be3 Nbd7 10. Qd2 b6 11. Rac1 Bb7 12.
f3 O-O 13. Rfd1 Rfe8 14. Qe1 Bf8 15. Qf2 b5 16. a3 Rab8 17. Kh1 Ba8 18. g4 Nb6
19. Nd2 Nfd7 20. Nf1 1/2-1/2

[Event "Absam-Lustenau"]
[Site "Absam"]
[Date "2004.12.04"]
[Round "4"]
[White "Wegerle, Jörg"]
[Black "Maier, Peter"]
[Result "1-0"]
[WhiteElo "2338"]
[BlackElo "2182"]
[PlyCount "61"]
[EventDate "2004.??.??"]

{128MB, Power.ctg, LANDESVERBAND} 1. e4 g6 2. d4 Bg7 3. Nc3 d6 4. Be3 a6 5. Qd2
b5 6. f3 Nd7 7. h4 h5 8. Nh3 Ngf6 9. Ng5 Bb7 10. a4 bxa4 11. Rxa4 O-O 12. Bd3
e5 13. d5 Nb6 14. Ra3 Nc8 15. O-O Ne7 16. Rfa1 a5 17. Ne2 Nfxd5 18. exd5 Nxd5
19. Rxa5 Rxa5 20. Rxa5 Nxe3 21. Qxe3 Bh6 22. f4 exf4 23. Nxf4 c5 24. Ra7 Qb6
25. Ra1 Qxb2 26. Rf1 Bg7 27. Kh1 Bd4 28. Qe7 Bf6 29. Qxd6 Rd8 30. Qc7 Rf8 31.
Qxc5 1-0

[Event "Absam-Lustenau"]
[Site "Absam"]
[Date "2004.12.04"]
[Round "4"]
[White "Schmittdiel, Ekkehard"]
[Black "Ginsburg, Gennadij"]
[Result "0-1"]
[WhiteElo "2449"]
[BlackElo "2519"]
[PlyCount "92"]
[EventDate "2004.??.??"]

{128MB, Power.ctg, LANDESVERBAND} 1. e4 c5 2. c3 Nf6 3. e5 Nd5 4. Nf3 e6 5. g3
d6 6. Bg2 Nc6 7. Qe2 Be7 8. O-O O-O 9. exd6 Bxd6 10. Na3 a6 11. Nc4 Bc7 12. d3
b6 13. Nce5 Bb7 14. Nxc6 Bxc6 15. Ne5 Bxe5 16. Qxe5 Ne7 17. Bxc6 Nxc6 18. Qe4
Qd7 19. Re1 Rae8 20. f4 Rd8 21. Be3 Ne7 22. Rad1 Nf5 23. Bf2 Qd5 24. Qxd5 Rxd5
25. Kf1 Rfd8 26. Ke2 f6 27. g4 Ne7 28. a4 Nc6 29. h3 Kf7 30. b4 cxb4 31. Bxb6
bxc3 32. Bxd8 Nd4+ 33. Kf2 c2 34. Rc1 Rxd8 35. Re4 e5 36. fxe5 fxe5 37. Ke3 Ke6
38. Re1 Rc8 39. Rxd4 c1=Q+ 40. Rxc1 exd4+ 41. Kd2 Rxc1 42. Kxc1 Ke5 43. Kc2 Kf4
44. Kb3 Ke3 45. Kc4 g5 46. a5 h6 0-1

[Event "Wüstenrot Salzburg-Innsbrucker SK"]
[Site "Absam"]
[Date "2004.12.04"]
[Round "4"]
[White "Reiter, Franz"]
[Black "Lickleder, Andreas"]
[Result "0-1"]
[WhiteElo "2070"]
[BlackElo "2251"]
[PlyCount "62"]
[EventDate "2004.??.??"]

{128MB, Power.ctg, LANDESVERBAND} 1. e4 c5 2. Nf3 d6 3. d4 cxd4 4. Nxd4 Nf6 5.
Nc3 a6 6. a4 e5 7. Nf3 h6 8. Be2 Be6 9. h3 Be7 10. Be3 Nc6 11. O-O O-O 12. Nh2
d5 13. exd5 Nxd5 14. Nxd5 Bxd5 15. c3 f5 16. b4 f4 17. Bc1 e4 18. c4 Be6 19. b5
Nd4 20. Bb2 Bc5 21. Kh1 Qd6 22. Rc1 Rad8 23. Bg4 Bf7 24. Qe1 h5 25. Bd1 Qe6 26.
Bc2 Bg6 27. Bb1 f3 28. Qc3 fxg2+ 29. Kxg2 Rf3 30. Qd2 Qxh3+ 31. Kg1 Rg3+ 0-1

[Event "Wüstenrot Salzburg-Innsbrucker SK"]
[Site "Absam"]
[Date "2004.12.04"]
[Round "4"]
[White "Hager, Franz"]
[Black "Bärner, Helmut"]
[Result "1-0"]
[WhiteElo "2224"]
[BlackElo "2143"]
[PlyCount "107"]
[EventDate "2004.??.??"]

{128MB, Power.ctg, LANDESVERBAND} 1. d4 d5 2. c4 c6 3. Nf3 Nf6 4. Qc2 g6 5. g3
Bg7 6. Bg2 Bf5 7. Qb3 Qb6 8. Nc3 dxc4 9. Qxc4 O-O 10. O-O Be6 11. Qd3 Qa6 12.
Qxa6 Nxa6 13. e4 Rfd8 14. h3 Nb4 15. Rd1 Nc2 16. Rb1 Nb4 17. b3 h6 18. a3 Na6
19. b4 Nc7 20. Bf4 Rac8 21. g4 g5 22. Be5 Nfe8 23. Bxg7 Kxg7 24. a4 f6 25. Ne2
Bc4 26. Ng3 e6 27. Rdc1 Ba6 28. Rc5 Na8 29. b5 b6 30. Rxc6 Rxc6 31. bxc6 Bd3
32. Rc1 Nac7 33. Rc3 Ba6 34. Rc1 b5 35. axb5 Bxb5 36. Rc5 a5 37. d5 exd5 38.
Nd4 Bc4 39. Ndf5+ Kf8 40. Rxa5 dxe4 41. Bxe4 Bd5 42. Bxd5 Rxd5 43. Ra4 Nd6 44.
Nxh6 Ke7 45. Nhf5+ Nxf5 46. Nxf5+ Kd8 47. Rb4 Nb5 48. Re4 Nc7 49. Kg2 Rd2 50.
Re7 Rc2 51. Rd7+ Kc8 52. Ne7+ Kb8 53. Rd8+ Ka7 54. Rd6 1-0